James G. Blaine
Gespeichert in:
| 1. Verfasser: | |
|---|---|
| Format: | Buch |
| Sprache: | Spanisch |
| Veröffentlicht: |
Santiago
Imprenta Victoria, de H. Izquierdo y Ca. calle de San Diego 73
1884
|
| Ausgabe: | 1a. ed |
| Schlagworte: | |
| Tags: |
Tag hinzufügen
Keine Tags, Fügen Sie den ersten Tag hinzu!
|
MARC
| LEADER | 00000nam a2200000 a 4500 | ||
|---|---|---|---|
| 001 | UCJ4512 | ||
| 003 | CL-VaPUC | ||
| 008 | 070124e18840800CL |||||||||||||||||spa|d | ||
| 082 | 0 | 4 | |a 983 |b VIC |2 21 |
| 100 | |a Vicuña Mackenna, Benjamín, |d 1831-1886 |x Político e historiador |z Chile |e author |9 374 | ||
| 245 | 1 | 0 | |a James G. Blaine |
| 246 | 1 | 0 | |a Su designación para la futura Presidencia de los Estados Unidos y los deberes de patriotismo y de cautela que impone a la nación, a los partidos y al Gobierno de Chile |
| 250 | |a 1a. ed | ||
| 300 | |a 26 p | ||
| 942 | |c BK | ||
| 945 | |d 20070124 00:00:00 |a rinostro | ||
| 260 | |a Santiago |b Imprenta Victoria, de H. Izquierdo y Ca. calle de San Diego 73 |c 1884 | ||
| 500 | |a Este opúsculo apareció en la Revista de Artes y Letras de agosto de 1884. Benelli, 161 | ||
| 600 | 0 | 7 | |a BLAINE, JAMES G |2 CL-VaPUC |9 443800 |
| 650 | 0 | |a Política internacional |9 255813 | |
| 650 | 7 | |a DOCTRINA MONROE |2 CL-VaPUC |9 314895 | |
| 650 | 0 | |a Imperialismo |9 258264 | |
| 650 | 0 | |a Política exterior |9 316628 | |
| 651 | 0 | |a Estados Unidos |9 255178 | |
| 583 | |a last modification |c 20070124 00:00:00 |k Rodrigo Vera | ||
| 999 | |c 320628 |d 320626 | ||
| 952 | |0 0 |1 0 |4 0 |6 983_000000000000000_VIC_1884 |7 0 |8 X |9 399180 |a FDOBUD |b FDOBUD |d 2019-11-22 |i 1020234 |o 983 VIC 1884 |p 1020234 |r 2019-11-22 |w 2019-11-22 |y BK_X |k BUD | ||